00615nam a2200205Ia 4500003000400000005001700004008004100021020001800062040001800080041000800098082002100106100001900127245006400146250001200210260005000222300003000272650003900302650003900341650002900380OSt20240507141208.0210716s2012 xx 000 0 und d a9780198078838 cAIMIT LIBRARY aeng a374.22 21bMALK aMalik, Khalid. aWhy has China grown so fast for so long /cBy Khalid Malik. a1st ed. aNew Delhi :bOxford University Press ,c2012. axvii,253p. ;bHBc22.5 cm aA short history of Chinese reforms aTowards a transformative framework aProspects for the future